Most populous countries: Southern Hemisphere - Statistics

General Stats
  • This quiz has been taken 67 times
  • The average score is 12 of 15
Answer Stats
Population Answer % Correct
58,780,000 South Africa
96%
44,939,000 Argentina
95%
25,559,000 Australia
93%
19,107,200 Chile
89%
14,645,000 Zimbabwe
89%
55,890,747 Tanzania
88%
17,855,000 Zambia
88%
30,175,553 Angola
86%
27,909,000 Mozambique
82%
11,513,000 Bolivia
77%
26,969,000 Madagascar
77%
32,000,000 Peru
75%
17,563,800 Malawi
61%
12,374,000 Rwanda
57%
12,044,000 Burundi
54%
No matching quizzes found
Score Distribution
Percent of People with Each Score
Percentile by Number Answered
Your Score History
You have not taken this quiz